Assessment of benefits of environmental measures
Saved in:
| Corporate Author: | |
|---|---|
| Other Authors: | |
| Format: | Book |
| Language: | English |
| Published: |
London :
Graham and Trotman ,
1992.
|
| Series: | European communities environmental policy series
|
| Subjects: | |
| Tags: |
Add Tag
No Tags, Be the first to tag this record!
|
MARC
| LEADER | 00000cam a2200000 i 4500 | ||
|---|---|---|---|
| 001 | 1/94052 | ||
| 008 | 970519s1992 enk| ||| |||| ||eng|| | ||
| 020 | |a 1853336386 | ||
| 035 | |l 10009074 | ||
| 040 | |a GR-MyUa |b gre |e AACR2 | ||
| 041 | 0 | |a eng | |
| 082 | 7 | |a 333.7094 |2 (22) | |
| 245 | 0 | 0 | |a Assessment of benefits of environmental measures / |c O. J. Kuik...[et al.]. |
| 260 | |a London : |b Graham and Trotman , |c 1992. | ||
| 300 | |a 125 σ. ; |c 25 εκ. | ||
| 490 | 1 | |a (European communities environmental policy series) | |
| 650 | 0 | |a Environmental policy |z European Economic Community countries |x Cost effectiveness. | |
| 700 | 1 | |a Kuik, Onno, |e edt | |
| 710 | 2 | |a Commission of the European Communities. | |
| 830 | 0 | |a European communities environmental policy series | |
| 852 | |a INST |b LESVOS |e 19970519 |h 333.7094 ASS |p 005100012301 |q 005100012301 |t BK |y 0 | ||
| 950 | |a 054-1994-04-12 | ||